000 00617nam a22001817a 4500
003 UA-OsUOA
001 19025
007 ta
008 20040707b un ||||| |||| 00| 0 ukr d
100 _aМізерний А.
942 _cSA
040 _aUA-OsUOA
_cUA-OsUOA
_dUA-OsUOA
245 _a" На козащину!"
_b[В с. Острів Радивилів. р-ну відкрито фотовиставку А. Мізерного "Круг містечка Берестечка"]
300 _aС.3
955 _a0
773 0 _w0
_tВОЛИНЬ
_dРівне
_d2004
_g№26/25 черв./
650 7 _aВиставки
_2UDC
999 _c305196
_d305196